Directors by First and Last Movies - Statistics

General Stats
  • This quiz has been taken 107 times
  • The average score is 11 of 15
Answer Stats
Years Director First Film Last Film # % Correct
27 Quentin Tarantino Reservoir Dogs Once Upon a Time in Hollywood 10
95%
25 Christopher Nolan Following Oppenheimer 12
91%
34 George Lucas THX 1138 Star Wars: Episode III: Revenge of the Sith 6
91%
47 Stanley Kubrick Fear and Desire Eyes Wide Shut 13
90%
56 Martin Scorsese Who's That Knocking at My Door Killers of the Flower Moon 26
89%
77 Orson Welles Citizen Kane The Other Side of the Wind 13
88%
39 Tim Burton Pee-Wee's Big Adventure Beetlejuice Beetlejuice 20
85%
61 Francis Ford Coppola Dementia 13 Megalopolis 23
82%
24 Sofia Coppola The Virgin Suicides Priscilla 8
82%
58 Steven Spielberg Firelight The Fabelmans 34
78%
28 Wes Anderson Bottle Rocket The Wonderful Story of Henry Sugar and Three More 12
66%
37 Spike Lee Joe's Bed-Stuy Barbershop: We Cut Heads Da 5 Bloods 24
52%
54 Alfred Hitchcock Number 13 Family Plot 53
40%
57 Woody Allen What's Up, Tiger Lily? Coup de chance 53
33%
46 Peter Bogdanovich Targets She's Funny That Way 16
13%
No matching quizzes found
Score Distribution
Percent of People with Each Score
Percentile by Number Answered
Your Score History
You have not taken this quiz